00555nam a22001697a 450000500170000001000150001702000270003203500140005903700090007308200150008224500910009725000060018826000360019427000920023030000260032250000370034820260702162007.0 aENG-148974 a9788195293100c2495.00 aEN-132506 bDBAD a294.53821 aReligious Journeys in India/cEdited By Andrea Marion Pinkney [and] John Whalen Bridge a1 aDarya GanjbSanctum Booksc2025 a68 Medical Association Road, Darya GanjbNew Delhie110002mvikramjain@sanctumbooks.com axiii, 323p;c24cm(hb) aPilgrims, Tourists and Travelers